000 00285nam a2200121Ia 4500
008 241002s9999 xx 000 0 und d
082 _a947.0853 KOC
100 _aKochan, Lionel
245 4 _aThe Making of Modern Russia
260 _aLondon:
_c1965
600 _aHistory
942 _cUC
999 _c18585
_d18585